LEADER 00625naa a2200145 i 4500 001 000000296571 003 CaOOAMICUS 005 20180831172548.0 008 180831n xx u000 u und u 013 $a4035 040 $aSeMil$bita 100 1 $aDavid, Robert.$0(OLS)http://semarc/name/85512 245 13$aLe Pentateuque :$btendances actuelles concernant les traditions littéraires. 650 4$aBibbia. Antico Testamento. Pentateuco - Commentari, studi, critica, interpretazioni.$0(OLS)http://semarc/subject/4709 996 $6245$aLe Pentateuque :$btendances actuelles concernant les traditions littéraires$9(OLS)http://semarc/title/372622